| 000 | 00432nam a2200157Ia 4500 | ||
|---|---|---|---|
| 003 | SGT | ||
| 020 | _a9788120326118 | ||
| 082 |
_a621.4021 _bPAU |
||
| 100 | _aPaul,Akshoy Ranjan | ||
| 245 | _aMechanical sciences | ||
| 260 |
_bPHI Learning Private Limited _aNew Delhi _c2006 |
||
| 300 | _a578p. | ||
| 650 | _aMECHANICAL ENGINEERING | ||
| 653 | _aINTRODUCTION TO ENGINEERING MECHANICS, SCALAR AND VECTOR ANALIYSIS | ||
| 942 |
_2ddc _cBK |
||
| 999 |
_c5029 _d5029 |
||